15 Największych miast w państwach Bałtyckich - Statystyki

Ogólne statystyki
  • Ten quiz został rozwiązany 34 razy
  • Średni wynik to 9 z 15
Odpowiedzi na mapie
Odpowiedzi zakodowano w zielono-czerwonej skali na mapie do tego quizu, zgodnie z poniższymi procentami.
 
Statystyki odpowiedzi
Państwo Miasto Populacja % Poprawnych
Łotwa Ryga 600k
100%
Litwa Wilno 600k
100%
Estonia Tallinn 450k
97%
Litwa Kłajpeda 160k
93%
Litwa Kowno 300k
87%
Łotwa Dyneburg 78k
57%
Estonia Narwa 52k
53%
Litwa Poniewież 85k
47%
Estonia Tartu 100k
47%
Litwa Szawle 110k
43%
Łotwa Lipawa 67k
37%
Estonia Parnawa 41k
37%
Litwa Olita 50k
27%
Łotwa Jełgawa 55k
23%
Łotwa Jurmała 52k
20%
Nie znaleziono quizów pasujących do podanych kryteriów
Rozkład punktacji
Procent ludzi z każdym wynikiem
Percentyl według liczby udzielonych odpowiedzi
Twoja historia wyników
Nie rozwiązałeś tego quizu